Sport medicicne for the primary care physician

में बचाया:
ग्रंथसूची विवरण
स्वरूप: पुस्तक
भाषा:Undetermined
प्रकाशित: London Prentice-Hall international, Inc 1984
विषय:
टैग : टैग जोड़ें
कोई टैग नहीं, इस रिकॉर्ड को टैग करने वाले पहले व्यक्ति बनें!
Thư viện lưu trữ: Trung tâm Học liệu Trường Đại học Cần Thơ
LEADER 00479nam a2200157Ia 4500
001 CTU_7799
008 210402s9999 xx 000 0 und d
082 |a 613.07 
082 |b S764 
245 0 |a Sport medicicne for the primary care physician 
260 |a London 
260 |b Prentice-Hall international, Inc 
260 |c 1984 
650 |a physical fitness,sports medicine 
904 |i Nguyễn Huỳnh Mai, 960831 
980 |a Trung tâm Học liệu Trường Đại học Cần Thơ